Sports Quiz

Random Sports or NBA Quiz
Score 0/100 Timer 15:00
0 Plays Today
Rank Player % Correct
1Giannis Antetokounmpo
97.4%
2LeBron James
97.4%
3Kawhi Leonard
97.4%
4James Harden
97.4%
8Luka Doncic
97.4%
5Anthony Davis
97.4%
6Stephen Curry
97.4%
7Damian Lillard
97.4%
11Paul George
97.4%
17Kemba Walker
97.4%
24Jayson Tatum
97.4%
36DeMar DeRozan
97.4%
9Joel Embiid
96.1%
10Nikola Jokic
96.1%
12Russell Westbrook
96.1%
14Karl-Anthony Towns
96.1%
15Bradley Beal
96.1%
16Kyrie Irving
96.1%
18Pascal Siakam
96.1%
40Blake Griffin
96.1%
29Chris Paul
96.1%
30Khris Middleton
96.1%
27Kristaps Porzingis
96.1%
31Kyle Lowry
96.1%
37D'Angelo Russell
96.1%
38Zach LaVine
96.1%
13Jimmy Butler
94.7%
20Devin Booker
94.7%
19Donovan Mitchell
94.7%
22Rudy Gobert
94.7%
21Trae Young
94.7%
23Ben Simmons
94.7%
28Nikola Vucevic
94.7%
34C.J. McCollum
94.7%
Rank Player % Correct
42Jaylen Brown
94.7%
71Kevin Love
94.7%
25Brandon Ingram
93.4%
39LaMarcus Aldridge
93.4%
35Ja Morant
93.4%
49Draymond Green
93.4%
46De'Aaron Fox
93.4%
61Lou Williams
93.4%
33Andre Drummond
92.1%
32Domantas Sabonis
92.1%
41Clint Capela
92.1%
43Steven Adams
92.1%
45Tobias Harris
92.1%
51Jamal Murray
92.1%
53Eric Bledsoe
92.1%
54Zion Williamson
92.1%
60Hassan Whiteside
90.8%
26Bam Adebayo
89.5%
44Jrue Holiday
89.5%
65Andrew Wiggins
89.5%
66Julius Randle
88.2%
69Gordon Hayward
88.2%
75Fred VanVleet
88.2%
80Al Horford
88.2%
82Mike Conley
88.2%
90Aaron Gordon
88.2%
47Danilo Gallinari
86.8%
48Buddy Hield
86.8%
72Marcus Smart
86.8%
55DeAndre Ayton
85.5%
57Spencer Dinwiddie
85.5%
59Derrick Rose
85.5%
50Shai Gilgeous-Alexander
84.2%
52John Collins
84.2%
Rank Player % Correct
68Jonas Valanciunas
84.2%
78Paul Millsap
84.2%
62Devonte Graham
82.9%
64Montrezl Harrell
82.9%
76Myles Turner
82.9%
77Collin Sexton
82.9%
98Brook Lopez
82.9%
56Malcolm Brogdon
81.6%
58Jaren Jackson Jr
81.6%
70Bojan Bogdanovic
81.6%
92Goran Dragic
81.6%
96Serge Ibaka
81.6%
63Mitchell Robinson
80.3%
85Dennis Schroder
80.3%
94Patrick Beverley
78.9%
95Joe Ingles
78.9%
67Kelly Oubre
77.6%
81Kyle Kuzma
77.6%
100Ricky Rubio
77.6%
79Evan Fournier
76.3%
83Josh Richardson
76.3%
86Caris LeVert
75%
88Kendrick Nunn
69.7%
97Will Barton
69.7%
73T.J. Warren
68.4%
87Wendell Carter Jr
67.1%
99Eric Paschall
65.8%
84Jonathan Isaac
64.5%
91RJ Barrett
61.8%
89Richaun Holmes
51.3%
93Brandon Clarke
48.7%
74Marvin Bagley III
28.9%
Remove Ads.
Support Sporcle.
Get the best of Sporcle when you Go Orange. This ad-free experience offers more features, more stats, and more fun while also helping to support Sporcle. Thank you for becoming a member.

You're not logged in!

Compare scores with friends on all Sporcle quizzes.
OR
Log In

Sporcle TV

Today on Sporcle TV


Watch our educational content, quiz creation guides, and fun videos on Sporcle TV.

Show Comments

Extras

Created May 15, 2020ReportNominate
Tags:NBA Quiz, 100, 2020, Player, position, team, Top 100

Top Quizzes Today


Score Distribution

Paid Content

Your Account Isn't Verified!

In order to create a playlist on Sporcle, you need to verify the email address you used during registration. Go to your Sporcle Settings to finish the process.

Report this User

Report this user for behavior that violates our Community Guidelines.

Details: